[Event "34. Open Internacional de Andorra 2016"]
[Site "Andorra AND"]
[Date "2016.08.03"]
[Round "1.3"]
[White "Arjol Lopez, Daniel"]
[Black "Vovk, Andriy"]
[Result "0-1"]
[WhiteElo "1963"]
[BlackElo "2637"]
[PlyCount "78"]
[EventDate "2016.08.03"]
[EventType "swiss"]
[EventRounds "9"]
[EventCountry "AND"]
[SourceTitle "Ajedrez en Madrid"]
[Source "lmi"]
[SourceDate "2016.08.03"]
[SourceVersion "1"]
[SourceVersionDate "2018.03.01"]
[SourceQuality "1"]

1. e4 c5 2. Nf3 d6 3. d4 cxd4 4. Nxd4 Nf6 5. Nc3 Nc6 6. Be2 g6 7. Be3 Bg7 8.
Qd2 Bd7 9. O-O O-O 10. Rad1 Rc8 11. f3 a6 12. Nxc6 Bxc6 13. Nd5 Bxd5 14. exd5
b5 15. a4 bxa4 16. Bxa6 Rb8 17. Ra1 Rxb2 18. Bd4 Rb8 19. Rxa4 Nd7 20. Bxg7 Kxg7
21. Rh4 Nf6 22. Bd3 Qb6+ 23. Kh1 h5 24. Re1 Rb7 25. Be4 Qb4 26. Qe3 Rc7 27. g4
Rh8 28. gxh5 Rxh5 29. Rxh5 Nxh5 30. Rg1 Nf6 31. Qe2 Qc3 32. Rc1 Qb2 33. Qd2 Rc4
34. Qe3 Nxe4 35. fxe4 Qe5 36. Re1 Rxc2 37. Qg3 Qxg3 38. hxg3 f6 39. g4 Kh6 0-1

[Event "34. Open Internacional de Andorra 2016"]
[Site "Andorra AND"]
[Date "2016.08.03"]
[Round "1.4"]
[White "Banusz, Tamas"]
[Black "Cai, Chaoruo"]
[Result "1-0"]
[WhiteElo "2616"]
[BlackElo "1961"]
[PlyCount "43"]
[EventDate "2016.08.03"]
[EventType "swiss"]
[EventRounds "9"]
[EventCountry "AND"]
[SourceTitle "Ajedrez en Madrid"]
[Source "lmi"]
[SourceDate "2016.08.03"]
[SourceVersion "1"]
[SourceVersionDate "2018.03.01"]
[SourceQuality "1"]

1. Nf3 Nf6 2. c4 e6 3. g3 b6 4. Bg2 c6 5. O-O Be7 6. d4 d5 7. Nc3 O-O 8. Ne5
Bb7 9. e4 Nbd7 10. Nxc6 Bxc6 11. exd5 exd5 12. cxd5 Bb7 13. d6 Bxg2 14. dxe7
Qxe7 15. Kxg2 Rfd8 16. Qf3 h6 17. Be3 b5 18. Nxb5 Qb4 19. a4 a6 20. Nc7 Ra7 21.
Nd5 Qb3 22. Ne7+ 1-0

[Event "34. Open Internacional de Andorra 2016"]
[Site "Andorra AND"]
[Date "2016.08.03"]
[Round "1.5"]
[White "Kozlowski, Thierry"]
[Black "Prohaszka, Peter"]
[Result "0-1"]
[WhiteElo "1959"]
[BlackElo "2604"]
[PlyCount "80"]
[EventDate "2016.08.03"]
[EventType "swiss"]
[EventRounds "9"]
[EventCountry "AND"]
[SourceTitle "Ajedrez en Madrid"]
[Source "lmi"]
[SourceDate "2016.08.03"]
[SourceVersion "1"]
[SourceVersionDate "2018.03.01"]
[SourceQuality "1"]

1. d4 d5 2. c4 dxc4 3. Nf3 a6 4. e3 Bg4 5. Bxc4 e6 6. h3 Bh5 7. Nc3 Nc6 8. a3
Nf6 9. b4 Bd6 10. Bb2 O-O 11. g4 Bg6 12. Nd2 e5 13. d5 Ne7 14. O-O b5 15. Bb3
Nd7 16. f4 f5 17. g5 Qb8 18. Kg2 exf4 19. exf4 Bf7 20. Rf2 Re8 21. Nf1 Qb6 22.
Ne2 Ng6 23. Bd4 Qb7 24. Ne3 Nb6 25. Nxf5 Nxd5 26. Kg3 Bf8 27. Ra2 Nge7 28.
Nxe7+ Bxe7 29. Qa1 Bf8 30. Rd2 c6 31. Be5 a5 32. bxa5 Rxa5 33. Ra2 Rea8 34. Nd4
Rxa3 35. Rxa3 Rxa3 36. Ra2 Rxa2 37. Qxa2 c5 38. Nxb5 Qxb5 39. Bxd5 Qd3+ 40. Kg4
Bxd5 0-1

[Event "34. Open Internacional de Andorra 2016"]
[Site "Andorra AND"]
[Date "2016.08.03"]
[Round "1.6"]
[White "Cori, Jorge"]
[Black "Basas Gamazo, Josep"]
[Result "1-0"]
[WhiteElo "2601"]
[BlackElo "1946"]
[PlyCount "80"]
[EventDate "2016.08.03"]
[EventType "swiss"]
[EventRounds "9"]
[EventCountry "AND"]
[SourceTitle "Ajedrez en Madrid"]
[Source "lmi"]
[SourceDate "2016.08.03"]
[SourceVersion "1"]
[SourceVersionDate "2018.03.01"]
[SourceQuality "1"]

1. c4 Nf6 2. g3 g6 3. Bg2 Bg7 4. Nc3 O-O 5. d3 d6 6. Nf3 e5 7. Rb1 a5 8. O-O
Nbd7 9. a3 Re8 10. Nd2 c6 11. b4 axb4 12. axb4 Nf8 13. Nb3 d5 14. cxd5 Nxd5 15.
Nxd5 cxd5 16. Bb2 Bf5 17. Ra1 e4 18. Bxg7 Kxg7 19. Rxa8 Qxa8 20. Nd4 Qc8 21.
Qa1 Kg8 22. Rc1 Qd7 23. dxe4 Bxe4 24. f3 Bf5 25. Rd1 Qc8 26. Qa5 Be6 27. Kf2
Nd7 28. Qb5 Ne5 29. Rc1 Qd7 30. Qxd7 Bxd7 31. Rc7 Nc6 32. Rxd7 Nxd4 33. Bf1 Nc2
34. Rxb7 Ne3 35. b5 Kg7 36. b6 Nxf1 37. Kxf1 Re3 38. Rc7 Rb3 39. b7 d4 40. Ke1
Rb2 1-0

[Event "34. Open Internacional de Andorra 2016"]
[Site "Andorra AND"]
[Date "2016.08.03"]
[Round "1.7"]
[White "Blondel, Jerome"]
[Black "Lagarde, Maxime"]
[Result "0-1"]
[WhiteElo "1933"]
[BlackElo "2572"]
[PlyCount "56"]
[EventDate "2016.08.03"]
[EventType "swiss"]
[EventRounds "9"]
[EventCountry "AND"]
[SourceTitle "Ajedrez en Madrid"]
[Source "lmi"]
[SourceDate "2016.08.03"]
[SourceVersion "1"]
[SourceVersionDate "2018.03.01"]
[SourceQuality "1"]

1. c4 f5 2. Nc3 Nf6 3. g3 g6 4. Bg2 Bg7 5. Nf3 d6 6. d4 O-O 7. O-O c6 8. b3 Na6
9. Bb2 Qe8 10. a3 e5 11. dxe5 dxe5 12. e4 f4 13. Qd6 Nh5 14. Rad1 Rf7 15. Qd8
Bg4 16. Qxe8+ Rxe8 17. b4 Nc7 18. Rd3 Ne6 19. Nd1 Nd4 20. Bxd4 exd4 21. Ng5 Be2
22. Nxf7 Bxd3 23. Nd6 Bxf1 24. Nxe8 Be2 25. Nxg7 Bxd1 26. Ne6 d3 27. Nd4 Nf6
28. e5 d2 0-1

[Event "34. Open Internacional de Andorra 2016"]
[Site "Andorra AND"]
[Date "2016.08.03"]
[Round "1.8"]
[White "Demuth, Adrien"]
[Black "Dai, Wenzhi"]
[Result "1-0"]
[WhiteElo "2545"]
[BlackElo "1929"]
[PlyCount "55"]
[EventDate "2016.08.03"]
[EventType "swiss"]
[EventRounds "9"]
[EventCountry "AND"]
[SourceTitle "Ajedrez en Madrid"]
[Source "lmi"]
[SourceDate "2016.08.03"]
[SourceVersion "1"]
[SourceVersionDate "2018.03.01"]
[SourceQuality "1"]

1. d4 Nf6 2. c4 c5 3. d5 e6 4. Nc3 exd5 5. cxd5 d6 6. e4 g6 7. f4 Bg7 8. Bb5+
Nfd7 9. Nf3 O-O 10. O-O a6 11. Bd3 b5 12. Kh1 Re8 13. a3 c4 14. Bc2 Nc5 15. f5
Nbd7 16. Bg5 Qc7 17. Qe1 h6 18. fxg6 fxg6 19. Be3 Ne5 20. Nxe5 dxe5 21. Qh4 Kh7
22. Rad1 Nd7 23. Bxh6 Kg8 24. Bxg7 Kxg7 25. Rf7+ Kxf7 26. Qh7+ Kf6 27. Rf1+ Kg5
28. h4+ 1-0

[Event "34. Open Internacional de Andorra 2016"]
[Site "Andorra AND"]
[Date "2016.08.03"]
[Round "1.9"]
[White "Jacquot, Adrien"]
[Black "Glud, Jakob Vang"]
[Result "0-1"]
[WhiteElo "1929"]
[BlackElo "2532"]
[PlyCount "132"]
[EventDate "2016.08.03"]
[EventType "swiss"]
[EventRounds "9"]
[EventCountry "AND"]
[SourceTitle "Ajedrez en Madrid"]
[Source "lmi"]
[SourceDate "2016.08.03"]
[SourceVersion "1"]
[SourceVersionDate "2018.03.01"]
[SourceQuality "1"]

1. e4 e5 2. Nf3 Nc6 3. Bc4 Bc5 4. c3 Nf6 5. d3 a6 6. Bb3 Ba7 7. O-O d6 8. Nbd2
O-O 9. Nc4 h6 10. Ne3 Be6 11. Nf5 Ne7 12. N3h4 Nxf5 13. Nxf5 Bxf5 14. exf5 d5
15. Qf3 Re8 16. g4 e4 17. dxe4 dxe4 18. Qg2 Qd6 19. Rd1 Qe5 20. Be3 Bxe3 21.
fxe3 Rad8 22. Qe2 c5 23. a4 Nh7 24. Rxd8 Rxd8 25. Rd1 Rxd1+ 26. Bxd1 Qd5 27. h4
h5 28. g5 Qxf5 29. Qxh5 Nf8 30. Qg4 Qd5 31. h5 Ne6 32. g6 f5 33. Qe2 Kf8 34.
Qf1 Ke7 35. Be2 Qd2 36. Qf2 Kf6 37. Qh4+ Ke5 38. Kf2 f4 39. exf4+ Nxf4 40. Qg5+
Ke6 41. Qg4+ Kd6 42. h6 Nxe2 43. Qxe2 Qf4+ 44. Kg2 gxh6 45. Qh5 Qf3+ 46. Qxf3
exf3+ 47. Kxf3 Ke6 48. b4 cxb4 49. cxb4 Kf6 50. b5 axb5 51. axb5 Kxg6 52. Kg4
Kf6 53. Kh5 Ke5 54. Kxh6 Kd5 55. Kg5 Kc5 56. b6 Kxb6 57. Kf4 Kb5 58. Ke3 Kc4
59. Kd2 Kb3 60. Kc1 b5 61. Kb1 b4 62. Ka1 Kc2 63. Ka2 b3+ 64. Ka1 b2+ 65. Ka2
b1=Q+ 66. Ka3 Qb3# 0-1

[Event "34. Open Internacional de Andorra 2016"]
[Site "Andorra AND"]
[Date "2016.08.03"]
[Round "1.10"]
[White "Kogan, Arthur"]
[Black "Urena Casacuberta, Lluis"]
[Result "1-0"]
[WhiteElo "2530"]
[BlackElo "1929"]
[PlyCount "35"]
[EventDate "2016.08.03"]
[EventType "swiss"]
[EventRounds "9"]
[EventCountry "AND"]
[SourceTitle "Ajedrez en Madrid"]
[Source "lmi"]
[SourceDate "2016.08.03"]
[SourceVersion "1"]
[SourceVersionDate "2018.03.01"]
[SourceQuality "1"]

1. e4 c5 2. c3 d5 3. exd5 Qxd5 4. Nf3 Nf6 5. Na3 Bd7 6. d4 e6 7. Nb5 Bxb5 8.
Bxb5+ Nc6 9. O-O Be7 10. c4 Qh5 11. Ne5 Qxd1 12. Rxd1 O-O 13. Bxc6 bxc6 14.
Nxc6 Bd6 15. Be3 Rfc8 16. dxc5 Bxc5 17. Bxc5 Rxc6 18. Bxa7 1-0

[Event "34. Open Internacional de Andorra 2016"]
[Site "Andorra AND"]
[Date "2016.08.03"]
[Round "1.11"]
[White "Viennois, Romain"]
[Black "Aloma Vidal, Robert"]
[Result "0-1"]
[WhiteElo "1926"]
[BlackElo "2475"]
[PlyCount "120"]
[EventDate "2016.08.03"]
[EventType "swiss"]
[EventRounds "9"]
[EventCountry "AND"]
[SourceTitle "Ajedrez en Madrid"]
[Source "lmi"]
[SourceDate "2016.08.03"]
[SourceVersion "1"]
[SourceVersionDate "2018.03.01"]
[SourceQuality "1"]

1. e4 d5 2. exd5 Qxd5 3. Nf3 Bg4 4. Be2 Nc6 5. d4 Nf6 6. c4 Qa5+ 7. Bd2 Qf5 8.
O-O O-O-O 9. Be3 e5 10. d5 e4 11. Nd4 Nxd4 12. Bxd4 Bd6 13. Nc3 Bxe2 14. Qxe2
Ng4 15. h3 Nh2 16. Rfd1 Nf3+ 17. Kf1 Rhe8 18. c5 Nxd4 19. Rxd4 Bxc5 20. Rxe4
Rxe4 21. Nxe4 Bb6 22. Nc3 Kb8 23. Rd1 a6 24. Rd3 Ka7 25. Kg1 Rd6 26. Qf3 Qd7
27. Qd1 Rf6 28. Rf3 Qe7 29. Rxf6 Qxf6 30. Qd2 Qe5 31. Nd1 Bd4 32. Ne3 b5 33. b3
g6 34. a4 bxa4 35. bxa4 f5 36. Nc2 Bc5 37. Ne3 Qa1+ 38. Kh2 Qxa4 39. g3 f4 40.
Ng4 fxg3+ 41. Kxg3 Qd4 42. Qa5 Bd6+ 43. Kg2 Qe4+ 44. Kf1 Qh1+ 45. Ke2 Qxh3 46.
Ne3 Qd7 47. Qc3 Qb5+ 48. Kf3 h5 49. Qd4+ Qb6 50. Qe4 g5 51. Nc4 g4+ 52. Kg2 Qc5
53. Ne5 Bxe5 54. Qxe5 h4 55. Qg5 h3+ 56. Kg1 Qd4 57. Qc1 Kb8 58. Qb1+ Qb6 59.
Qd3 a5 60. Qf5 g3 0-1

[Event "34. Open Internacional de Andorra 2016"]
[Site "Andorra AND"]
[Date "2016.08.03"]
[Round "1.12"]
[White "Bekker-Jensen, Simon"]
[Black "Picatoste Verdejo, Sergio"]
[Result "1-0"]
[WhiteElo "2456"]
[BlackElo "1916"]
[PlyCount "83"]
[EventDate "2016.08.03"]
[EventType "swiss"]
[EventRounds "9"]
[EventCountry "AND"]
[SourceTitle "Ajedrez en Madrid"]
[Source "lmi"]
[SourceDate "2016.08.03"]
[SourceVersion "1"]
[SourceVersionDate "2018.03.01"]
[SourceQuality "1"]

1. d4 Nf6 2. c4 g6 3. Nc3 Bg7 4. e4 d6 5. h3 c6 6. Nf3 Qc7 7. Be3 b6 8. Be2 Bb7
9. O-O O-O 10. Re1 Re8 11. Qc2 e5 12. d5 c5 13. a3 Qe7 14. b4 Nbd7 15. Na4 Reb8
16. Rab1 Ne8 17. Nd2 Bc8 18. Nb3 Bf8 19. bxc5 dxc5 20. Nc3 Nd6 21. Nb5 a6 22.
Nxd6 Qxd6 23. Nc1 Qc7 24. Na2 Nf6 25. Nc3 Bd7 26. Rb2 Bd6 27. Reb1 Qd8 28. Bg5
Kg7 29. Qd2 Ra7 30. a4 a5 31. f4 Rab7 32. f5 Qe8 33. Rf1 Ng8 34. f6+ Kh8 35. g4
Qf8 36. Be3 h6 37. h4 Kh7 38. g5 Qc8 39. Qd1 Ra7 40. Kh2 Rab7 41. Rg1 Ra7 42.
Bg4 1-0

[Event "34. Open Internacional de Andorra 2016"]
[Site "Andorra AND"]
[Date "2016.08.03"]
[Round "1.13"]
[White "Sanchez Dengra, Barbara"]
[Black "Collins, Sam E"]
[Result "0-1"]
[WhiteElo "1915"]
[BlackElo "2448"]
[PlyCount "68"]
[EventDate "2016.08.03"]
[EventType "swiss"]
[EventRounds "9"]
[EventCountry "AND"]
[SourceTitle "Ajedrez en Madrid"]
[Source "lmi"]
[SourceDate "2016.08.03"]
[SourceVersion "1"]
[SourceVersionDate "2018.03.01"]
[SourceQuality "1"]

1. e4 e6 2. d4 d5 3. Nd2 a6 4. Ngf3 c5 5. exd5 exd5 6. c3 Nc6 7. dxc5 Bxc5 8.
Nb3 Bb6 9. Nbd4 Nf6 10. Bd3 O-O 11. O-O Bg4 12. Qa4 Re8 13. Bg5 Bxf3 14. Nxf3
h6 15. Bh4 g5 16. Bg3 Ne4 17. Nd4 Qf6 18. Nxc6 bxc6 19. Qd1 Re6 20. Bxe4 dxe4
21. Qb3 Bc5 22. Bc7 Kh7 23. Rad1 Qe7 24. Ba5 Qa7 25. Qc2 Rae8 26. c4 Kg8 27.
Bc3 Qc7 28. b4 Bd6 29. g3 e3 30. fxe3 Bxg3 31. hxg3 Qxg3+ 32. Kh1 Rxe3 33. Ba1
Qh4+ 34. Kg1 Rg3+ 0-1

[Event "34. Open Internacional de Andorra 2016"]
[Site "Andorra AND"]
[Date "2016.08.03"]
[Round "1.14"]
[White "Barbot, Pierre"]
[Black "Viers, Matthieu"]
[Result "1-0"]
[WhiteElo "2444"]
[BlackElo "1915"]
[PlyCount "69"]
[EventDate "2016.08.03"]
[EventType "swiss"]
[EventRounds "9"]
[EventCountry "AND"]
[SourceTitle "Ajedrez en Madrid"]
[Source "lmi"]
[SourceDate "2016.08.03"]
[SourceVersion "1"]
[SourceVersionDate "2018.03.01"]
[SourceQuality "1"]

1. d4 Nf6 2. c4 g6 3. Nc3 Bg7 4. e4 d6 5. Bd3 O-O 6. Nge2 e5 7. d5 Nbd7 8. O-O
Nc5 9. Bc2 a5 10. Rb1 Ne8 11. a3 f5 12. exf5 gxf5 13. b4 axb4 14. axb4 Nd7 15.
f4 e4 16. Nd4 Qf6 17. Nce2 Nb6 18. Bb3 Bd7 19. c5 Na4 20. Qc2 b5 21. c6 Bc8 22.
Nxb5 Nb6 23. Be3 Ba6 24. Nxc7 Nxc7 25. Bxb6 Bd3 26. Qd2 Bxb1 27. Rxb1 Nb5 28.
Rc1 Ra1 29. Bc4 Na7 30. Be3 Ra8 31. b5 Nxb5 32. Bxb5 Qd8 33. h3 R8a2 34. Qxa2
Rxa2 35. c7 1-0

[Event "34. Open Internacional de Andorra 2016"]
[Site "Andorra AND"]
[Date "2016.08.03"]
[Round "1.15"]
[White "Sevenyuk, Alexey"]
[Black "Antoli Royo, Joaquin Miguel"]
[Result "0-1"]
[WhiteElo "1903"]
[BlackElo "2432"]
[PlyCount "86"]
[EventDate "2016.08.03"]
[EventType "swiss"]
[EventRounds "9"]
[EventCountry "AND"]
[SourceTitle "Ajedrez en Madrid"]
[Source "lmi"]
[SourceDate "2016.08.03"]
[SourceVersion "1"]
[SourceVersionDate "2018.03.01"]
[SourceQuality "1"]

1. e4 c5 2. Nc3 a6 3. a4 e6 4. g3 d5 5. exd5 exd5 6. Bg2 Nf6 7. d3 d4 8. Ne4
Nxe4 9. Bxe4 Bd6 10. Qh5 Nd7 11. Ne2 Nf6 12. Qh4 h6 13. O-O O-O 14. Bf4 Be7 15.
Be5 Ng4 16. Qh5 f5 17. Bxg7 Kxg7 18. Bg2 Bd6 19. h3 Qe8 20. Nf4 Bxf4 21. Qxe8
Rxe8 22. gxf4 Nf6 23. Rae1 Bd7 24. Bxb7 Ra7 25. Bf3 Bxa4 26. b3 Bb5 27. Re5
Rxe5 28. fxe5 Nd7 29. Re1 Nf8 30. Bd5 Rd7 31. Bc4 Bxc4 32. dxc4 Ra7 33. Kg2 a5
34. Kg3 Ne6 35. f4 a4 36. bxa4 Rxa4 37. Rb1 Rxc4 38. Rb7+ Kf8 39. Rb8+ Ke7 40.
Rb7+ Kd8 41. Rb8+ Kc7 42. Rg8 Rc3+ 43. Kf2 Rxc2+ 0-1

[Event "34. Open Internacional de Andorra 2016"]
[Site "Andorra AND"]
[Date "2016.08.03"]
[Round "1.16"]
[White "Jerez Perez, Alfonso"]
[Black "Sola Lluch, Miquel"]
[Result "1-0"]
[WhiteElo "2386"]
[BlackElo "1892"]
[PlyCount "60"]
[EventDate "2016.08.03"]
[EventType "swiss"]
[EventRounds "9"]
[EventCountry "AND"]
[SourceTitle "Ajedrez en Madrid"]
[Source "lmi"]
[SourceDate "2016.08.03"]
[SourceVersion "1"]
[SourceVersionDate "2018.03.01"]
[SourceQuality "1"]

1. e4 d5 2. Nc3 dxe4 3. Nxe4 Nf6 4. Nxf6+ exf6 5. d4 Be7 6. Bd3 Nc6 7. Ne2 Bd7
8. c3 Qc8 9. Qc2 f5 10. Be3 a6 11. O-O-O b5 12. Rde1 b4 13. Ng3 bxc3 14. bxc3
O-O 15. Nxf5 Bf6 16. g4 Bxf5 17. Bxf5 Qd8 18. Bxh7+ Kh8 19. Be4 Qd6 20. Qa4
Nxd4 21. cxd4 Rab8 22. Bc2 Rb4 23. Qa5 Rb5 24. Qc3 c5 25. Rd1 g6 26. g5 Bg7 27.
h4 cxd4 28. Bxd4 Qf4+ 29. Qe3 Qg4 30. Bxg7+ Kxg7 1-0

[Event "34. Open Internacional de Andorra 2016"]
[Site "Andorra AND"]
[Date "2016.08.03"]
[Round "1.17"]
[White "Rios Garcia, Miguel"]
[Black "Trepat Herranz, Joan"]
[Result "0-1"]
[WhiteElo "1880"]
[BlackElo "2360"]
[PlyCount "74"]
[EventDate "2016.08.03"]
[EventType "swiss"]
[EventRounds "9"]
[EventCountry "AND"]
[SourceTitle "Ajedrez en Madrid"]
[Source "lmi"]
[SourceDate "2016.08.03"]
[SourceVersion "1"]
[SourceVersionDate "2018.03.01"]
[SourceQuality "1"]

1. e4 e5 2. Nf3 Nc6 3. Bb5 a6 4. Bxc6 dxc6 5. h3 f6 6. d4 exd4 7. Qxd4 Qxd4 8.
Nxd4 Bd6 9. Nd2 c5 10. Nf5 Bxf5 11. exf5 h5 12. Nc4 Ne7 13. Nxd6+ cxd6 14. Bf4
Rd8 15. O-O-O d5 16. g4 hxg4 17. hxg4 Rxh1 18. Rxh1 Kf7 19. Re1 Nc6 20. c3 d4
21. Re6 Rh8 22. Bd6 Rh1+ 23. Kc2 c4 24. f4 d3+ 25. Kd2 Rh2+ 26. Kd1 Rxb2 27. g5
Rg2 28. Re4 fxg5 29. fxg5 Rxg5 30. Rxc4 Rxf5 31. a3 Ke6 32. Bc7 Kd7 33. Bb6 Ne5
34. Rc7+ Ke6 35. Kd2 Rg5 36. Rxb7 Rg2+ 37. Kd1 Rb2 0-1

[Event "34. Open Internacional de Andorra 2016"]
[Site "Andorra AND"]
[Date "2016.08.03"]
[Round "1.18"]
[White "Pein, Malcolm"]
[Black "Alvarez Albiol, Victor"]
[Result "1-0"]
[WhiteElo "2357"]
[BlackElo "1862"]
[PlyCount "63"]
[EventDate "2016.08.03"]
[EventType "swiss"]
[EventRounds "9"]
[EventCountry "AND"]
[SourceTitle "Ajedrez en Madrid"]
[Source "lmi"]
[SourceDate "2016.08.03"]
[SourceVersion "1"]
[SourceVersionDate "2018.03.01"]
[SourceQuality "1"]

1. Nf3 Nf6 2. c4 c5 3. Nc3 g6 4. g3 Bg7 5. Bg2 O-O 6. O-O d5 7. cxd5 Nxd5 8.
Nxd5 Qxd5 9. d3 Nc6 10. Be3 Qd6 11. Qc2 b6 12. Bf4 Qe6 13. d4 Bxd4 14. Ng5 Qd7
15. Rad1 Qe8 16. Bxc6 Qxc6 17. Rxd4 Bb7 18. Re4 h6 19. f3 hxg5 20. Bxg5 f6 21.
Bh6 Rf7 22. Rd1 e5 23. Rh4 f5 24. Qd2 Re8 25. Qd6 Re6 26. Qb8+ Bc8 27. Rd8+ Re8
28. Rd6 Bd7 29. Rxc6 Rxb8 30. Rxg6+ Kh7 31. Rg5 Kh8 32. Bg7+ 1-0

[Event "34. Open Internacional de Andorra 2016"]
[Site "Andorra AND"]
[Date "2016.08.03"]
[Round "1.19"]
[White "Ezra, Paul Chambers"]
[Black "Aranda Marin, Cristian"]
[Result "0-1"]
[WhiteElo "1857"]
[BlackElo "2350"]
[PlyCount "54"]
[EventDate "2016.08.03"]
[EventType "swiss"]
[EventRounds "9"]
[EventCountry "AND"]
[SourceTitle "Ajedrez en Madrid"]
[Source "lmi"]
[SourceDate "2016.08.03"]
[SourceVersion "1"]
[SourceVersionDate "2018.03.01"]
[SourceQuality "1"]

1. e4 c5 2. b4 cxb4 3. a3 d5 4. exd5 Qxd5 5. Bb2 e5 6. axb4 Bxb4 7. Na3 Bxa3 8.
Bxa3 Nc6 9. Ne2 Nge7 10. Nc3 Qd7 11. Bb5 O-O 12. O-O Rd8 13. Qb1 Nd5 14. Ne4
Qg4 15. Bxc6 bxc6 16. Ng3 Nf4 17. d3 h5 18. Qd1 h4 19. Qxg4 Bxg4 20. Be7 hxg3
21. Bxd8 gxh2+ 22. Kxh2 Rxd8 23. Rxa7 Rd6 24. f3 Ne2 25. Ra8+ Kh7 26. g3 Rh6+
27. Kg2 Bh3+ 0-1

[Event "34. Open Internacional de Andorra 2016"]
[Site "Andorra AND"]
[Date "2016.08.03"]
[Round "1.20"]
[White "Sowray, Peter J"]
[Black "Bouguerra, Tayeb"]
[Result "1-0"]
[WhiteElo "2348"]
[BlackElo "1850"]
[PlyCount "65"]
[EventDate "2016.08.03"]
[EventType "swiss"]
[EventRounds "9"]
[EventCountry "AND"]
[SourceTitle "Ajedrez en Madrid"]
[Source "lmi"]
[SourceDate "2016.08.03"]
[SourceVersion "1"]
[SourceVersionDate "2018.03.01"]
[SourceQuality "1"]

1. e4 d6 2. d4 Nf6 3. Nc3 c6 4. f4 Qa5 5. Bd3 e5 6. Nf3 Nbd7 7. O-O Be7 8. Kh1
O-O 9. Be3 Ng4 10. Bd2 Qc7 11. Qe2 exd4 12. Nxd4 Nc5 13. h3 Nxd3 14. cxd3 Nf6
15. e5 Ne8 16. Rae1 Bh4 17. Rc1 d5 18. f5 Qd8 19. f6 gxf6 20. e6 f5 21. Nxf5
Bxe6 22. Qg4+ Kh8 23. Qxh4 Qd7 24. Bh6 Rg8 25. Ne7 Qd8 26. Qd4+ f6 27. Rxf6 c5
28. Qe5 Qd6 29. Rxe6+ Qxe5 30. Rxe5 Rg3 31. Kh2 Rxd3 32. Rg5 Re3 33. Rg8# 1-0

[Event "34. Open Internacional de Andorra 2016"]
[Site "Andorra AND"]
[Date "2016.08.03"]
[Round "1.21"]
[White "Tormo Bas, Gonzalo"]
[Black "Berkovich, Mark A"]
[Result "0-1"]
[WhiteElo "1850"]
[BlackElo "2346"]
[PlyCount "48"]
[EventDate "2016.08.03"]
[EventType "swiss"]
[EventRounds "9"]
[EventCountry "AND"]
[SourceTitle "Ajedrez en Madrid"]
[Source "lmi"]
[SourceDate "2016.08.03"]
[SourceVersion "1"]
[SourceVersionDate "2018.03.01"]
[SourceQuality "1"]

1. d4 Nf6 2. Nf3 b6 3. g3 Bb7 4. Bg2 c5 5. dxc5 bxc5 6. c4 g6 7. b3 Bg7 8. Bb2
O-O 9. O-O d6 10. Nc3 Nc6 11. Nd5 Nxd5 12. Bxg7 Ne3 13. fxe3 Kxg7 14. Ne1 a5
15. Qd2 Kg8 16. Rf4 Qc7 17. Bxc6 Qxc6 18. e4 f5 19. Rh4 fxe4 20. Qh6 Rf7 21. e3
d5 22. Ng2 Qf6 23. Rc1 Qf2+ 24. Kh1 Qf1+ 0-1

[Event "34. Open Internacional de Andorra 2016"]
[Site "Andorra AND"]
[Date "2016.08.03"]
[Round "1.22"]
[White "Barbero Sendic, Alejandro"]
[Black "Viudes Serra, Aaron"]
[Result "1-0"]
[WhiteElo "2336"]
[BlackElo "1848"]
[PlyCount "29"]
[EventDate "2016.08.03"]
[EventType "swiss"]
[EventRounds "9"]
[EventCountry "AND"]
[SourceTitle "Ajedrez en Madrid"]
[Source "lmi"]
[SourceDate "2016.08.03"]
[SourceVersion "1"]
[SourceVersionDate "2018.03.01"]
[SourceQuality "1"]

1. e4 Nf6 2. Nc3 d6 3. d4 g6 4. Bg5 Bg7 5. e5 dxe5 6. dxe5 Qxd1+ 7. Rxd1 Ng4 8.
Nd5 Bxe5 9. Nf3 c6 10. Nxe7 Nd7 11. h3 f6 12. Nxc8 Rxc8 13. Bc1 Nh6 14. Nxe5
Nxe5 15. Bxh6 1-0

[Event "34. Open Internacional de Andorra 2016"]
[Site "Andorra AND"]
[Date "2016.08.03"]
[Round "1.23"]
[White "Pampliega Canturri, Antoni"]
[Black "Adel Lahchaichi, Oussama"]
[Result "0-1"]
[WhiteElo "1822"]
[BlackElo "2334"]
[PlyCount "98"]
[EventDate "2016.08.03"]
[EventType "swiss"]
[EventRounds "9"]
[EventCountry "AND"]
[SourceTitle "Ajedrez en Madrid"]
[Source "lmi"]
[SourceDate "2016.08.03"]
[SourceVersion "1"]
[SourceVersionDate "2018.03.01"]
[SourceQuality "1"]

1. e4 c5 2. Nf3 Nc6 3. c3 Nf6 4. e5 Nd5 5. Bc4 e6 6. O-O Be7 7. d4 cxd4 8. cxd4
d6 9. Nc3 Nxc3 10. bxc3 dxe5 11. dxe5 Qxd1 12. Rxd1 Bd7 13. Be3 Rc8 14. Bb3 b6
15. Rd2 Rc7 16. Rad1 Nb8 17. c4 Bb4 18. Rd3 Ke7 19. Bg5+ f6 20. exf6+ gxf6 21.
Bh4 Rhc8 22. h3 Be8 23. Ne5 Bh5 24. g4 Bg6 25. Rf3 Rf8 26. Nd3 Bxd3 27. Rdxd3
Nd7 28. Rde3 Bc5 29. Re2 Bd4 30. g5 Rc5 31. Bc2 fxg5 32. Rxf8 Nxf8 33. Bg3 Rxc4
34. Bb3 Rc5 35. Rd2 e5 36. h4 h6 37. hxg5 hxg5 38. Kg2 Ne6 39. Kh3 Kf6 40. Kg4
Nf4 41. Bg8 Rc3 42. Bb3 b5 43. f3 Ng6 44. Re2 a5 45. Bg8 a4 46. Bh7 Nf4 47. Rb2
Rc1 48. Bxf4 Rg1+ 49. Bg3 Bxb2 0-1

[Event "34. Open Internacional de Andorra 2016"]
[Site "Andorra AND"]
[Date "2016.08.03"]
[Round "1.24"]
[White "Eden, James"]
[Black "Martinez Balaguer, Josep"]
[Result "1-0"]
[WhiteElo "2320"]
[BlackElo "1808"]
[PlyCount "81"]
[EventDate "2016.08.03"]
[EventType "swiss"]
[EventRounds "9"]
[EventCountry "AND"]
[SourceTitle "Ajedrez en Madrid"]
[Source "lmi"]
[SourceDate "2016.08.03"]
[SourceVersion "1"]
[SourceVersionDate "2018.03.01"]
[SourceQuality "1"]

1. Nf3 c5 2. b3 d5 3. Bb2 Nc6 4. e3 Nf6 5. Bb5 Bd7 6. O-O e6 7. Bxc6 Bxc6 8.
Ne5 Bb5 9. c4 Ba6 10. d4 b6 11. b4 Bc8 12. cxd5 exd5 13. dxc5 bxc5 14. bxc5
Bxc5 15. Qc2 Qb6 16. Rc1 O-O 17. Qxc5 Qxb2 18. Nc3 Be6 19. Nd3 Qb7 20. Rab1 Qc8
21. Qd4 Qd8 22. Nf4 Qa5 23. a4 Rac8 24. h3 Rc4 25. Qe5 Qc7 26. Qxc7 Rxc7 27.
Nb5 Rd7 28. Nd4 Re8 29. Rc6 Rde7 30. a5 h6 31. a6 Bd7 32. Rd6 Bc8 33. Rb8 Kf8
34. Rc6 Bd7 35. Rxe8+ Kxe8 36. Rc7 Ba4 37. Rc8+ Kd7 38. Ra8 g6 39. Rxa7+ Kd6
40. Rxe7 Kxe7 41. a7 1-0